| 000 | 01383nam a22002057a 4500 | ||
|---|---|---|---|
| 003 | JO-AjAnu | ||
| 005 | 20250929133232.0 | ||
| 008 | 250929b jo ||||| |||| 00| 0 ara d | ||
| 040 |
_aJO-AjAnu _bara _cJO-AjAnu _dJO-AjAnu _erda |
||
| 041 | 0 |
_aara _hara |
|
| 050 |
_aLB1050.45 _b2025 |
||
| 100 | 1 |
_aالفوارس، ايمان يوسف ونس _eمعد _966707 |
|
| 245 | 0 |
_aفاعلية برنامج تدريبي مستند إلى نموذج التعلم القائم على تقرير المصير في تحسين مهارات الاستيعاب القرائي لدى الطلبة ذوي صعوبات التعلم = The Effectiveness of a Training Program Based on the Self-Determined Learning Model of Instruction (SDLMI) in Improving Reading Comprehension Skills among Students with Learning Disabilities / _cاعداد ايمان يوسف ونس الفوارس ؛اشراف برهان محمود حمادنة |
|
| 260 | _c2025 | ||
| 300 | _a98 ورقة | ||
| 504 | _aرسالة جامعية( رسالة ماجستير في صعوبات التعلم)- جامعة عجلون الوطنية (عجلون، الاردن)- كلية العلوم التربوية، قسم التربية الخاصة،2025. | ||
| 650 | 7 | 0 |
_aالاستيعاب القرائي- صعوبات التعلم. _966708 |
| 700 | 1 |
_aحمادنه، برهان محمود _eمشرف _966709 |
|
| 942 |
_2lcc _cTHS _n0 |
||
| 999 |
_c34013 _d34013 |
||